| 000 | 02728cam a22003855i 4500 | ||
|---|---|---|---|
| 001 | 17776176 | ||
| 003 | EG-ScBUE | ||
| 005 | 20230625120410.0 | ||
| 008 | 130613r20152014nyua f b f001 0 eng d | ||
| 020 | _a1107616883 | ||
| 020 | _a9781107616882 | ||
| 040 |
_aDLC _beng _erda _cDLC _dEG-ScBUE |
||
| 043 |
_aaw----- _ama----- |
||
| 082 | 0 | 4 |
_a909.097492708312 _222 _bNEW |
| 245 | 0 | 4 |
_aThe new Middle East : _bprotest and revolution in the Arab World / _cedited by Fawaz A. Gerges, Middle East Centre, London School of Economics and Political Science. |
| 250 | _aReprinted edition. | ||
| 264 | 1 |
_aNew York : _bCambridge University Press, _c2015. |
|
| 300 |
_axviii, 502 pages : _billustrations ; _c23 cm |
||
| 336 |
_2rdacontent _atext _btxt |
||
| 337 |
_2rdamedia _aunmediated _bn |
||
| 338 |
_2rdacarrier _avolume _bnc |
||
| 504 | _aIncludes bibliographical references and index. | ||
| 520 | _a"The New Middle East is one of the first comprehensive books written by prominent scholars of the region and of comparative politics to critically examine the Arab popular uprisings of 2011-2012. While these uprisings prompted a number of cursory publications, this volume contains meticulous and thoughtful reflections on the causes, drivers and effects of these seminal events on the internal, regional and international politics of the Middle East and North Africa. Although specific conditions in individual countries that have experienced large-scale popular mobilizations are investigated, they are neither treated in isolation nor separated from broader developments in the region. Instead, the authors highlight connections between individual case studies and systemic conditions throughout the Arab arena. These include the crisis of political authority, the failure of economic development, and new genres of mobilization and activism, especially communication technology and youth movements. The careful analysis and reflection on the prospects for democratic change in the region ensures the book will have both an immediate and enduring appeal"-- | ||
| 650 | 7 |
_aArab Spring, 2010- _2BUEsh _938992 |
|
| 651 | 7 |
_aProtest movements _zMiddle East _xHistory _y21st century. _2BUEsh |
|
| 651 | 7 |
_aProtest movements _zArab countries _xHistory _y21st century. _2BUEsh |
|
| 651 | 7 |
_aMiddle East _xEconomic conditions _y21st century. _2BUEsh |
|
| 651 | 7 |
_aArab countries _xEconomic conditions _y21st century. _2BUEsh _936261 |
|
| 651 | 7 |
_aRevolutions _xMiddle East _xHistory _y21st century. _2BUEsh |
|
| 651 | 7 |
_aRevolutions _zArab countries _xHistory _y21st century. _2BUEsh |
|
| 653 |
_bBUSBOL _cAugust2015 _cJanuary2016 _cOctober2017 |
||
| 655 | _vText book | ||
| 700 | 1 |
_aGerges, Fawaz A., _d1958- _eeditor. _915527 |
|
| 942 |
_2ddc _cBB |
||
| 999 |
_c20479 _d20451 |
||